000 01056nam a2200301 i 4500
001 bg
003 BPK
005 20211105103605.0
008 020718s1978 pl a f f |000 0 pol
015 _aPB 1978/5674
040 _aWA N
_cBPK
080 _a629.3
080 _a(075.8)
100 1 _aHebda, Michał
_d(1929- )
_eAutor
245 1 0 _aTeoria eksploatacji pojazdów /
_cMichał Hebda, Tadeusz Mazur, Henryk Pelc.
260 _aWarszawa :
_bWydawnictwa Komunikacji i Łączności,
_c1978.
300 _a398, [2] s. :
_bil. tab. wykr. ;
_c25 cm.
490 1 _aEksploatacja.
504 _aBibliogr.
650 4 _aPojazdy mechaniczne
_xobsługa i eksploatacja
_xteoria.
655 4 _aPodręczniki akademickie
700 1 _aPelc, Henryk.
710 2 _aWydawnictwa Komunikacji i Łączności.
_4pbl.
700 1 _aMazur, Tadeusz
_d(1943-1982)
_eAutor
830 0 _aEksploatacja
942 _2UKD
_cKS
856 _uhttp://koha.tu.koszalin.pl/cgi-bin/koha/opac-detail.pl?biblionumber=17661
_yKatalog online BPK
999 _c17661
_d17661